000 00608nam a2200205Ia 4500
003 OSt
005 20230413113737.0
008 210423s2010 xx 000 0 und d
020 _a9788132104490
040 _cAL
041 _aeng
082 _a302.230954 THOP
100 _aTHOMAS (Pradip Ninan).
_987849
245 _aPolitical economy of communications in India: the good the bad and the ugly.
260 _aLos Angeles
_bSage Publications
_c2010
300 _axix,267
_bHB
365 _b650
_cINR
906 _abad ; communications ; economy ; good ; india: ; Political ; ugly.
942 _2ddc
_cBK
999 _c159698
_d159698